[Event "It (open)"]
[Site "Nova Gorica (Slovenia)"]
[Date "2012.01.27"]
[Round "1"]
[White "Franca Veronika (SLO)"]
[Black "Kokol Peter (SLO)"]
[Result "0-1"]
[WhiteElo "1840"]
[BlackElo "2271"]

1.d4 Nf6 2.c4 c5 3.d5 e6 4.Nc3 exd5 5.cxd5 d6 6.e4 g6 7.Nf3 Bg7 8.Be2 O-O
9.Nd2 Na6 10.O-O Nc7 11.Qc2 Rb8 12.a4 b6 13.Rb1 Re8 14.Bd3 Ng4 15.Nc4 Ne5
16.Nxe5 Bxe5 17.Be3 Na6 18.Na2 Qh4 19.f4 Bg7 20.g3 Qh3 21.Rfe1 f5 22.Bf1 Qh5
23.Be2 Qh6 24.e5 dxe5 25.Bxa6 Bxa6 26.fxe5 g5 27.Bf2 Rxe5 28.Rxe5 Bxe5 29.Qxf5
Qf6 30.Qxf6 Bxf6 31.Nc3 Bd3 32.Rd1 c4 33.Rd2 a6 34.Nd1 b5 35.axb5 axb5 36.Bc5
b4 37.Nf2 Bf5 38.d6 c3 39.bxc3 bxc3 40.Rd1 c2 41.Rf1 Rb1 42.Be3 h6 43.g4 Bd7
44.Ne4 Bd4 {#R} 0-1

[Event "It (open) (w)"]
[Site "Moscow (Russia)"]
[Date "2012.02.04"]
[Round "8"]
[White "Gubernatorova Lyudmila (RUS)"]
[Black "Bakunina Albina (RUS)"]
[Result "1-0"]
[WhiteElo "2284"]
[BlackElo "1962"]

1.d4 Nf6 2.c4 g6 3.d5 d6 4.Nc3 Bg7 5.e4 O-O 6.Be2 c5 7.Nf3 e6 8.Nd2 exd5
9.cxd5 Na6 10.O-O Nc7 11.a4 Rb8 12.Kh1 a6 13.a5 b5 14.axb6 Rxb6 15.Nc4 Rb8
16.Bf4 Nfe8 17.e5 dxe5 18.Bxe5 Bxe5 19.Nxe5 Bb7 20.Bf3 Nd6 21.Na4 Qe8 22.Re1
Qb5 23.Qd2 Nc4 24.Nxc4 Qxc4 25.Rec1 Qh4 26.Nxc5 Bxd5 27.Ra4 Qf6 28.Bxd5 Rxb2
29.Nd7 Rxd2 30.Nxf6+ Kg7 31.Bf3 Rb8 32.Ne4 Rc2 33.Raa1 {#r} 1-0

[Event "Czech League 2011/12 (2nd) (c)"]
[Site "Czech Republic"]
[Date "2012.02.19"]
[Round "8"]
[White "Safarik Jakub"]
[Black "Meduna Eduard (CZE)"]
[Result "0-1"]
[WhiteElo "2093"]
[BlackElo "2420"]

1.d4 Nf6 2.c4 e6 3.Nf3 c5 4.d5 exd5 5.cxd5 d6 6.Nc3 g6 7.e4 Bg7 8.Be2 O-O
9.Nd2 Na6 10.O-O Nc7 11.a4 Re8 12.Qc2 b6 13.Nc4 Ba6 14.Ra3 Bxc4 15.Bxc4 a6
16.Ra1 Rb8 17.Qd3 b5 18.axb5 axb5 19.Nxb5 Nxb5 20.Bxb5 Rxe4 21.Bc6 Rd4 22.Qf3
Ng4 23.Ra7 Ne5 24.Qa3 Rdb4 25.Bd2 Rxb2 26.Ba5 Qf6 27.Qg3 R2b3 28.f3 Bh6 29.Bc7
Rb1 {#R} 0-1

[Event "Tournament (active)"]
[Site "Puerto Rico"]
[Date "2012.04.07"]
[Round "3"]
[White "Diaz Montes Edwin"]
[Black "Davila Juan (PUR)"]
[Result "0-1"]
[WhiteElo "1976"]
[BlackElo "2172"]

1.e4 g6 2.d4 Bg7 3.c4 c5 4.d5 d6 5.Nc3 Nf6 6.Be2 O-O 7.Nf3 e6 8.Nd2 exd5
9.cxd5 Na6 10.O-O Rb8 11.f3 Nc7 12.a4 a6 13.a5 Bd7 14.Nc4 Bb5 15.Bg5 h6 16.Be3
Re8 17.Qd2 Kh7 18.Kh1 Bxc4 19.Bxc4 b5 20.Be2 Nd7 21.Rfb1 Qe7 22.Re1 Ne5 23.Bf4
Nc4 24.Bxc4 bxc4 25.e5 Qh4 26.exd6 Bxc3 27.bxc3 Nxd5 28.Rxe8 Rxe8 29.g3 Qh5
30.g4 Qh4 31.Bg3 Qg5 32.f4 Qxg4 33.Qxd5 Kg7 34.d7 Rd8 35.Rd1 h5 36.f5 h4
37.fxg6 hxg3 38.Qxf7+ Kh6 39.Qh7+ Kg5 40.Rd5+ Kf4 41.Qf7+ Ke4 42.Rd2 {#R} 0-1

[Event "It \"]
[Site "Olomouc (Czech Republic)"]
[Date "2012.08.01"]
[Round "1"]
[White "Ben Arzi Ido (ISR)"]
[Black "Cernousek Lukas (CZE)"]
[Result "0-1"]
[WhiteElo "2265"]
[BlackElo "2428"]

1.d4 Nf6 2.c4 c5 3.d5 e6 4.Nc3 exd5 5.cxd5 d6 6.Nf3 g6 7.Nd2 Nbd7 8.e4 Bg7
9.Be2 O-O 10.O-O Ne8 11.Qc2 Nc7 12.a4 Re8 13.Re1 Ne5 14.Nc4 f5 15.f3 fxe4
16.fxe4 Nxc4 17.Bxc4 Bd7 18.Bf4 Qf6 19.Qd2 Qd4+ 20.Qxd4 Bxd4+ 21.Kh1 Be5
22.Rf1 Kg7 23.Rf3 Bxf4 24.Rxf4 Rf8 25.Rxf8 Rxf8 26.e5 dxe5 27.Re1 Ne8 28.Rxe5
Nd6 29.Be2 Re8 30.Rxe8 Bxe8 31.b3 Kf6 32.Kg1 Ke5 33.Bc4 a6 34.Kf2 Nxc4 35.bxc4
Kd4 36.Ne2+ Kxc4 37.Nf4 Bxa4 38.Ke3 Kb3 39.Ne6 b6 40.d6 c4 41.Nd4+ Kb2 42.Ne2
c3 43.g4 Bd7 44.g5 a5 45.Kd3 Bb5+ 46.Ke3 c2 {#R} 0-1

[Event "Ch Spain (team) (2 div) (Gr 1)"]
[Site "Padrun (Spain)"]
[Date "2012.08.08"]
[Round "1"]
[White "Quintin Navarro Alberto (ESP)"]
[Black "Diaz Iglesias Jose Maria (ESP)"]
[Result "1-0"]
[WhiteElo "2210"]
[BlackElo "2203"]

1.d4 Nf6 2.c4 e6 3.Nf3 c5 4.d5 exd5 5.cxd5 d6 6.Nc3 g6 7.Nd2 Bg7 8.e4 O-O
9.Be2 Na6 10.O-O Nc7 11.a4 a6 12.Nc4 Rb8 13.Bf4 Nfe8 14.Qd2 b5 15.axb5 axb5
16.Na5 Bd7 17.Bg4 b4 18.Nd1 Nf6 19.Bf3 Nb5 20.Nc4 Bg4 21.Bxg4 Nxg4 22.Ra6 Ne5
23.Bxe5 Bxe5 24.Nxe5 dxe5 25.Ne3 Nd6 26.Qd3 Qe7 27.Nc4 Nxc4 28.Qxc4 Rfc8 29.b3
Qb7 30.Ra5 Qb6 31.Rfa1 Rb7 32.h3 Qd6 33.Rc1 Rbc7 34.Ra6 Qd7 35.Rca1 Kg7 36.d6
Rb7 37.Qd5 f6 38.Ra8 Rxa8 39.Rxa8 Qf7 40.Qxc5 Qxb3 41.d7 {#r} 1-0

[Event "Memorial Oliver Gonzalez (open)"]
[Site "Madrid (Spain)"]
[Date "2012.09.06"]
[Round "6"]
[White "Barria Daniel (CHI)"]
[Black "Gallardo Garcia Andres (ESP)"]
[Result "0-1"]
[WhiteElo "2432"]
[BlackElo "2339"]

1.d4 Nf6 2.c4 e6 3.Nf3 c5 4.d5 d6 5.Nc3 exd5 6.cxd5 g6 7.Nd2 Bg7 8.e4 O-O
9.Be2 Na6 10.O-O Nc7 11.a4 b6 12.Ra3 Re8 13.f3 a6 14.Rb3 Rb8 15.Kh1 Qd7 16.Nc4
b5 17.Na5 b4 18.Nc6 Rb6 19.a5 Rxc6 20.dxc6 Qxc6 21.Nb1 Be6 22.Rd3 d5 23.Nd2 c4
24.exd5 Nfxd5 25.Qc2 Bf5 26.Ne4 Rxe4 27.fxe4 Bxe4 28.Qd1 cxd3 29.Bf3 f5
30.Bxe4 fxe4 31.Qe1 Qe6 32.Be3 Bxb2 33.Qf2 Bg7 34.Re1 Qf5 35.Qa2 Bc3 36.Rg1
Kg7 37.Qc4 Nb5 38.Bb6 e3 39.Qc6 e2 40.Qb7+ Qf7 41.Qxa6 d2 {#R} 0-1

[Event "Memorial Imre Konig (active)"]
[Site "San Francisco (USA)"]
[Date "2012.09.22"]
[Round "3"]
[White "Shankland S"]
[Black "Anka Emil (HUN)"]
[Result "1-0"]
[WhiteElo "2597"]
[BlackElo "2382"]

1.d4 Nf6 2.c4 g6 3.Nc3 Bg7 4.e4 d6 5.Nf3 O-O 6.Be2 c5 7.d5 e6 8.Nd2 exd5
9.cxd5 Na6 10.O-O Nc7 11.a4 b6 12.Re1 Rb8 13.Ra3 Re8 14.Bf1 h5 15.h3 Nh7
16.Rb3 Bd4 17.Nf3 Bg7 18.Bf4 g5 19.Bg3 h4 20.Bh2 g4 21.hxg4 Bxg4 22.Be2 Bxf3
23.Bxf3 Be5 24.Bg4 Bxh2+ 25.Kxh2 Qg5 26.Bf5 Nf6 27.Re3 Kg7 28.Ne2 Ncxd5 29.Rg3
hxg3+ 30.Rxg3 Rh8+ 31.Kg1 Qxg3 32.Nxg3 Nb4 33.Qd2 Ne8 34.Bd7 Kf8 35.Bxe8 Kxe8
36.Qxd6 Rd8 37.Qe5+ Kd7 38.Nf5 Kc8 39.Nd6+ Kd7 40.Nxf7 {#r} 1-0